| 000 | 00370 a2200145 4500 | ||
|---|---|---|---|
| 005 | 20250414134255.0 | ||
| 020 | _a0-273-01026-3 | ||
| 082 | _a657.046 GAR | ||
| 100 | _aGARBUTT, D. | ||
| 245 | _aCarter's Advanced Accounts | ||
| 250 | _a7th Ed. | ||
| 260 |
_aLondon, _bPitman Publishing Limited, _c1976. |
||
| 300 |
_axxiv, 2976p.: table _bIndex. _c18cm. |
||
| 942 |
_2ddc _cBKS |
||
| 999 |
_c1391 _d1391 |
||